| 000 | 01758nam a2200277 a 4500 | ||
|---|---|---|---|
| 001 | 64153 | ||
| 003 | BD-RjUL | ||
| 005 | 20211209081257.0 | ||
| 008 | 170209s1963 ii 001 0 ben | ||
| 020 | _c: IRs. 1.00 | ||
| 035 | _a(BD-RjUL)64283 | ||
| 040 |
_aBD-RjUL _cBD-RjUL _dBD-RjUL _bben/eng |
||
| 041 | _aben | ||
| 082 | 0 | 0 |
_a379.54 _223 _bHUB 1963 |
| 100 | 1 |
_aহুসেন, জাকীর _9221241 |
|
| 245 | 1 | 0 |
_aভারতে শিক্ষার পুনর্গঠন : _b(আকাশবাণী কর্তৃক প্রচারিত প্যাটেল স্মৃতি বক্তৃতামালা) / _cজাকীর হুসেন ; অনুবাদক: কৃষ্ণ ধর |
| 260 |
_aনয়াদিল্লী : _bণ্যাশনাল বুক ট্রাস্ট ইন্ডিয়া, _c১৯৬৩ |
||
| 300 |
_a[৪], ৬৪ পৃ. ; _c২২ সেমি. |
||
| 490 |
_aপ্যাটেল স্মৃতি বক্তৃতামালা ; _v১৯৫৮ |
||
| 500 | _a"নয়াদিল্লীর বিজ্ঞানভবনে ১৯৫৮ সালের ১২, ১৩ এবং ১৪ ডিসেম্বর তারিখে প্রদত্ত সর্দার বল্লভভাই প্যাটেল স্মৃতি বক্তৃতামালা এবং পরে আকাশবাণী কর্তৃক প্রচারিত " | ||
| 650 |
_aশিক্ষা _zভারত _9221243 |
||
| 650 |
_aEducation _zIndia _9221244 |
||
| 700 |
_aধর, কৃষ্ণ, অনুবাদক _9221245 |
||
| 830 |
_aপ্যাটেল স্মৃতি বক্তৃতামালা ; _v১৯৫৮ _9221242 |
||
| 942 |
_2ddc _cRAR |
||
| 999 |
_c64153 _d64153 |
||